00423nam a2200121Ia 4500008004100000100002900041245003800070260003800108260001000146942000700156952012100163999001700284090707b ii f a fnsan d aBrar, Boota Singh919834 aPunjabi viakran sidhant ate vihar aLudhianabChetana Prakashanc2008 c252p. cBK 001040708PunaRNLbRNLcGENd2018-10-02eD.D.C.g300.00l1p47354r2024-02-27s2023-10-25v300.00w2018-10-02yBK c22294d22294